00371 2200157 4500245004500000020002200045250001100067100002000078650001600098005001900114260002600133041001400159084000800173300002300181336000900204 aTurkey Love StorycKeenan ShazahdahText a978-602-6409-26-3 aCet. 1 aKeenan Shazahda aNovel Fiksi a20230110071207 aJakartabNuansac2017 aIndonesia a813 a160 hlm. :c19 cm. atext